Online
Catalog

Ejercicios narrativos : (Record no. 17672)

MARC details
000 -CABECERA
campo de control de longitud fija 00999cam a2200253 a 4500
001 - NÚMERO DE CONTROL
campo de control 000018151
005 - FECHA Y HORA DE LA ÚLTIMA TRANSACCIÓN
campo de control 20200929165357.0
008 - DATOS DE LONGITUD FIJA--INFORMACIÓN GENERAL
campo de control de longitud fija 790615s1976 ve s001 1 spa d
040 ## - FUENTE DE LA CATALOGACIÓN
Centro catalogador/agencia de origen DO-SdBNP
Lengua de catalogación spa
Centro/agencia transcriptor DLC
Centro/agencia modificador BNPHU
082 ## - NÚMERO DE LA CLASIFICACIÓN DECIMAL DEWEY
Número de clasificación V863.44
Número de documento/Ítem B198e
049 ## - FONDOS LOCALES (OCLC)
Fondos de biblioteca BNGR
100 1# - ENTRADA PRINCIPAL--NOMBRE DE PERSONA
Nombre de persona Balza, José.
Fechas asociadas al nombre 1939-
9 (RLIN) 23351
245 10 - MENCIÓN DE TÍTULO
Título Ejercicios narrativos :
Resto del título selección /
Mención de responsabilidad, etc. José Balza.
260 ## - PUBLICACIÓN, DISTRIBUCIÓN, ETC.
Lugar de publicación, distribución, etc. [Caracas, Venezuela] :
Nombre del editor, distribuidor, etc. Gobernación del Distrito Federal,
Fecha de publicación, distribución, etc. [1976].
300 ## - DESCRIPCIÓN FÍSICA
Extensión [49] p. ;
Dimensiones 15 x 16 cm.
490 1# - MENCIÓN DE SERIE
Mención de serie Cuadernos de difusión
Designación de volumen o secuencia 10
505 0# - NOTA DE CONTENIDO CON FORMATO
Nota de contenido con formato Chicle de menta -- Un libro de Rodolfo Iliackwood - Líneas -- Relación de caja - Rembrandt -- Bella a las once - Prescindiendo - Fedra - Enlace -- Canto del tartamudo -- La sangre.
650 #4 - PUNTO DE ACCESO ADICIONAL DE MATERIA--TÉRMINO DE MATERIA
Término de materia o nombre geográfico como elemento de entrada Cuentos venezolanos
9 (RLIN) 3815
650 #4 - PUNTO DE ACCESO ADICIONAL DE MATERIA--TÉRMINO DE MATERIA
Término de materia o nombre geográfico como elemento de entrada Literatura venezolano
9 (RLIN) 39329
650 #4 - PUNTO DE ACCESO ADICIONAL DE MATERIA--TÉRMINO DE MATERIA
Término de materia o nombre geográfico como elemento de entrada Mujeres
Subdivisión general Cuentos
9 (RLIN) 21481
710 2# - PUNTO DE ACCESO ADICIONAL--NOMBRE DE ENTIDAD CORPORATIVA
Nombre de entidad corporativa o nombre de jurisdicción como elemento de entrada Centro Simón Bolívar
9 (RLIN) 39330
830 #0 - PUNTO DE ACCESO ADICIONAL DE SERIE-TÍTULO UNIFORME
Título uniforme Cuadernos de difusión ;
Designación de volumen o secuencia 10
9 (RLIN) 6694
910 ## - DATOS DE OPCIÓN DEL USUARIO (OCLC)
Datos de opción del usuario Catalogación por copia / LC
Holdings
Estado de retiro Estado de pérdida Restricciones de uso No para préstamo Código de colección Localización permanente Ubicación/localización actual Ubicación en estantería Fecha de adquisición Número de inventario Total de préstamos Signatura topográfica completa Código de barras Fecha visto por última vez Precio válido a partir de Tipo de ítem Koha
        Monografías: Libros y Folletos General General En catalogación 16.04.2010 LF1   V863.44 B198e 18151-10 25.06.2020 25.06.2020 Préstamo en sala

Powered by Koha